疫後新生: 國家醫院 轉變與永續 / (Record no. 7676)
[ view plain ]
| 000 -LEADER | |
|---|---|
| fixed length control field | 00723cam a22002412i 4500 |
| 001 - CONTROL NUMBER | |
| control field | CIP114015964 |
| 003 - CONTROL NUMBER IDENTIFIER | |
| control field | YEEZEN |
| 005 - DATE AND TIME OF LATEST TRANSACTION | |
| control field | 20251215100337.0 |
| 008 - FIXED-LENGTH DATA ELEMENTS--GENERAL INFORMATION | |
| fixed length control field | 251031s2025 ch e 000 0 chi d |
| 020 ## - INTERNATIONAL STANDARD BOOK NUMBER | |
| International Standard Book Number | 9786267667767 |
| Qualifying information | (精裝) : |
| Terms of availability | NT$2000 |
| 040 ## - CATALOGING SOURCE | |
| Original cataloging agency | CIP |
| Language of cataloging | chi |
| Transcribing agency | CIP |
| 042 ## - AUTHENTICATION CODE | |
| Authentication code | nbic |
| 084 ## - OTHER CLASSIFICATION NUMBER | |
| Classification number | 419.333 |
| Number source | ncsclt |
| 090 ## - LOCALLY ASSIGNED LC-TYPE CALL NUMBER (OCLC); LOCAL CALL NUMBER (RLIN) | |
| Classification number (OCLC) (R) ; Classification number, CALL (RLIN) (NR) | 419.333 |
| 245 10 - TITLE STATEMENT | |
| Title | 疫後新生: 國家醫院 轉變與永續 / |
| Statement of responsibility, etc. | 衛生福利部附屬醫療及社會福利機構管理會所屬醫院著 |
| 260 ## - PUBLICATION, DISTRIBUTION, ETC. | |
| Place of publication, distribution, etc. | 臺北市 : |
| Name of publisher, distributor, etc. | 衛福部, |
| Date of publication, distribution, etc. | 2025.11. |
| 300 ## - PHYSICAL DESCRIPTION | |
| Extent | 面 ; |
| Dimensions | 公分 |
| 650 #7 - SUBJECT ADDED ENTRY--TOPICAL TERM | |
| Source of heading or term | lcstt |
| Topical term or geographic name entry element | 醫療機構 |
| 650 #7 - SUBJECT ADDED ENTRY--TOPICAL TERM | |
| Source of heading or term | lcstt |
| Topical term or geographic name entry element | 健康照護體系 |
| 650 #7 - SUBJECT ADDED ENTRY--TOPICAL TERM | |
| Source of heading or term | lcstt |
| Topical term or geographic name entry element | 醫療服務 |
| 651 #7 - SUBJECT ADDED ENTRY--GEOGRAPHIC NAME | |
| Source of heading or term | lcstt |
| Geographic name | 臺灣 |
| 942 ## - ADDED ENTRY ELEMENTS (KOHA) | |
| Source of classification or shelving scheme | 中文圖書分類法 |
| Koha item type | 一般圖書 |
| 撤銷狀態 | 遺失狀態 | 分類號來源 | 損壞狀態 | 不外借 | 永久館藏地 | 現在館藏地 | 書架位置 | 採購日期 | 全部借出 | 完整索書號 | 條碼號 | 最後一次日期記錄 | 一般價格有效日期 | Koha館藏類型 | 公開資訊 |
|---|---|---|---|---|---|---|---|---|---|---|---|---|---|---|---|
| 未註銷館藏 | 未遺失 | 中文圖書分類法 | 未損毀 | 可外借 | 怡仁綜合醫院圖書館 | 怡仁綜合醫院圖書館 | 2025-12-15 | 419.333 | C03262 | 2025-12-15 | 2025-12-15 | 一般圖書 | 本書是一部給予超越時代與中央疾病管理之路的全方位敘述,書中分列「健康平權的守護者」、「從醫院管理到旅館式健康管理」、「強化社會韌性的災防整備」、「部屬醫院成為區域衛政和社政整合」、「結合智能 AI 的導入與企業支援 ESG 精神」五部篇章 |